000 00392 a2200157 4500
020 _a9780099478393
040 _aDLC
_bDLC
082 _a823.912
100 _aGreene, Graham
245 _aThe quiet American
_cGraham Greene
260 _aLondon
_bVintage book
_c2002
300 _a180 p.
650 _aWar correspondents--Americans
700 _aGraham Greene
942 _cBK
_k823.912 GRE
_2ddc
999 _c10801
_d10801